Central Library OPAC University of Rajshahi

Stalin : (Record no. 27878)

MARC details
000 -LEADER
fixed length control field 00747nam a2200253 a 4500
001 - CONTROL NUMBER
control field 27878
003 - CONTROL NUMBER IDENTIFIER
rucl marc code BD-RJUL
005 - DATE AND TIME OF LATEST TRANSACTION
control field 20211209051219.0
008 - FIXED-LENGTH DATA ELEMENTS--GENERAL INFORMATION
fixed length control field 140327s1967 enkcfh b 001 0beng
035 ## - SYSTEM CONTROL NUMBER
System control number (BD-RJUL)27958
040 ## - CATALOGING SOURCE
Original cataloging agency DLC
Transcribing agency DLC
Modifying agency m.c
Language of cataloging eng
041 ## - LANGUAGE CODE
Language code of text/sound track or separate title eng
082 ## - DEWEY DECIMAL CLASSIFICATION NUMBER
Classification number 947.0842
Author mark and year DES 1967
100 1# - MAIN ENTRY--PERSONAL NAME
Personal name Deutscher, Isaac,
Dates associated with a name 1907-1967.
9 (RLIN) 10457
245 10 - TITLE STATEMENT
Title Stalin :
Remainder of title a political biography /
Statement of responsibility, etc. I. Deutscher
250 ## - EDITION STATEMENT
Edition statement 2nd ed.
260 ## - PUBLICATION, DISTRIBUTION, ETC. (IMPRINT)
Place of publication, distribution, etc. New York :
Name of publisher, distributor, etc. Oxford University Press,
Date of publication, distribution, etc. 1967.
300 ## - PHYSICAL DESCRIPTION
Pagination xix, 661 p. :
Illustrations 15 plates (incl. ports., facsim.) ;
Size 22 1 /2 cm
504 ## - BIBLIOGRAPHY, ETC. NOTE
Bibliography, etc Includes index
600 10 - SUBJECT ADDED ENTRY--PERSONAL NAME
Personal name Stalin, Joseph,
Dates associated with a name 1879-1953.
830 #0 - SERIES ADDED ENTRY--UNIFORM TITLE
Uniform title Galaxy book
942 ## - ADDED ENTRY ELEMENTS (KOHA)
Source of classification or shelving scheme Dewey Decimal Classification
Koha item type Books
Holdings
Lost status Source of classification or shelving scheme Damaged status Not for loan Collection code Permanent Location Current Location Shelving location Date acquired Source of acquisition Cost, normal purchase price Total Checkouts Full call number Date last seen Copy number Koha item type
  Dewey Decimal Classification     Non-fiction Central Library, University of Rajshahi Central Library, University of Rajshahi   17/09/1970 Zeitlinger 70.00   947.0842 DES 1967 27/03/2014 C-4 Books